The Legend of Zelda - Trouvez ces Personnages aléatoires - Statistiques

Statistiques générales
  • Ce quiz a été pris 77 fois
    5 depuis la dernière actualisation
  • Le résultat moyen est 26 sur 50
Statistiques - réponses
Par images Réponse % Correct
Asarim
100%
Baba & Baba Junior
100%
Balder
100%
Blob
100%
Bokoblin
100%
Cocotte
100%
Darknut
100%
Daruk
100%
Effroi
100%
Epona
100%
Faras
100%
Fay
100%
Gaepora
100%
Ganondorf
100%
Gardien
100%
Ghirahim
100%
Goron
100%
Grande Fée
100%
Grand Jabu-Jabu
100%
Guly
100%
Igor le Fossoyeur
100%
Impa
100%
Jabu
100%
Lana
100%
Le Banni
100%
Le grand Kohga
100%
Lézalfos
100%
Link Loup
100%
Link Noir
100%
Lune
100%
Malon
100%
Masque de Majora
100%
Médolie
100%
Midona
100%
Mineru
100%
Mipha
100%
Nabooru
100%
Navi
100%
Nedrac
100%
Orlène
100%
Pahya
100%
Pestes Mojos
100%
Piaf
100%
Poiscom
100%
Princesse Hilda
100%
Pru'ha
100%
Quatre Géants
100%
Rat
100%
Rauru
100%
Revali
100%
Rhoam Bosphoramus Hyrule
100%
Sentinelle
100%
Sheik
100%
Sidon
100%
Skull Kid
100%
Sorcier électrique
100%
Terrako
100%
Tetra
100%
Tingle
100%
Twili
100%
Twinrova
100%
Xanto
100%
Yuga
100%
Yunobo
100%
Anju
67%
Ganon
67%
Lavio
67%
Noïa
67%
Roi Bulblin
67%
Aëline
50%
Aéralfos
50%
Araknon bleu
50%
Babil
50%
Chauve-Souris de feu
50%
Dumoria
50%
Farore
50%
Fée
50%
Gerudo
50%
Grand-mère de Link
50%
Iscerro
50%
Kafei
50%
Kimado
50%
Link Mojo
50%
Nayru
50%
Ordrac
50%
Qia
50%
Roi Harkinian
50%
Spark
50%
Suppa
50%
Taya & Taël
50%
Zora
50%
Bari
33%
Dingle
33%
Dodongo
33%
Esprit
33%
Golem Mystérieux
33%
Hergo
33%
Klingle
33%
Traucmahr
33%
Valoo
33%
Agahnim
0%
Agent du Crépuscule
0%
Agraston
0%
Ardi
0%
Arielle
0%
Armos
0%
Asphar
0%
Astor
0%
Avatar du Néant
0%
Baba Mojo
0%
Bellum
0%
Bicelle
0%
Big'ornette
0%
Buzz-blob
0%
Calamo
0%
Célès
0%
Chauve-Souris
0%
Chauve-Souris de glace
0%
Chuchu
0%
Corbos
0%
Cya
0%
Daphnès Nohansen Hyrule
0%
Darmani III
0%
Darunia
0%
David Jr.
0%
Déesse Hylia
0%
Déesse Hylia
0%
Dieu Démon
0%
Din
0%
Dinolfos
0%
Esprit du Héros
0%
Exelo
0%
Fado
0%
Fantôme de Ganon
0%
Firone
0%
Freezard
0%
Ghini
0%
Gibdo
0%
Gohma
0%
Griock
0%
Gwonam
0%
Hache-Viande
0%
Hinox
0%
Ingo
0%
Iria
0%
Kaepora Gaebora
0%
Korogu
0%
Lady Satyne
0%
La Main
0%
Lanelle
0%
Laruto
0%
Latouane
0%
Leever
0%
Like Like
0%
Linebeck
0%
Link
0%
Link Cartoon
0%
Link Enfant
0%
Link Goron
0%
Linkle
0%
Link Zora
0%
Lynel
0%
Machaon
0%
Mallard
0%
Manhandla
0%
Marine
0%
Mido
0%
Mikau
0%
Minish
0%
Mite
0%
Moblin
0%
Moldorm
0%
Morcego
0%
Morshu
0%
Narisha
0%
Nico
0%
Nihil
0%
Octorok
0%
Onox
0%
Ordinn
0%
Peahat
0%
Pépé le Ramollo
0%
Peste Marchande
0%
Poignant
0%
Poisson-Rêve
0%
Princesse Mousseline
0%
Princesse Zelda
0%
Raphica
0%
Rauru
0%
Riju
0%
Roi Cuirasse
0%
Roi Frisette
0%
Rope
0%
Rordrac
0%
Rosso
0%
Ruto
0%
Sahasrahla
0%
Sakdoss
0%
Saria
0%
Siwan
0%
Skulltula
0%
Soldat d'Hyule
0%
Sonia
0%
Sorcier
0%
Sorcier de feu
0%
Sorcier de glace
0%
Spectre
0%
Stalfos
0%
Talon
0%
Tampon-man
0%
Teba
0%
Telma
0%
Terry
0%
Tetdoss
0%
Tri
0%
Tripini le Grand
0%
Urbosa
0%
Vaati
0%
Vendeur de Masques
0%
Vénérable Arbre Mojo
0%
Veran
0%
Volcania
0%
Volga
0%
Wolfos
0%
Yiga
0%
Zol
0%
Zora
0%
Aucun quiz correspondant
Distribution des résultats
% des personnes avec chaque résultat
Percentile par nombre de réponses
Votre historique - résultats
Vous n’avez pas pris ce quiz depuis la dernière actualisation